| 000 | 00674nam a2200265 a 4500 | ||
|---|---|---|---|
| 003 | AR-BaBNM | ||
| 005 | 20251128210359.0 | ||
| 008 | 082120s2002 ||||||||||||||000 | spa|| | ||
| 020 | _a85-209-0387-8 | ||
| 040 | _cAR-BaBNM | ||
| 100 | 1 | _aRosa, Joao Guimarâes | |
| 245 | 0 | 0 |
_aGrande sertâo _bveredas |
| 250 | _a33ª ed. | ||
| 260 |
_aRío de Janeiro _bNova Fronteira _c1988 |
||
| 300 | _a538 p. | ||
| 490 | 0 | _aBiblioteca da Escola | |
| 650 | 4 | _aLITERATURA LATINOAMERICANA | |
| 650 | 4 | _aLITERATURA CONTEMPORANEA | |
| 650 | 4 | _aNOVELAS | |
| 653 | _aLITERATURA BRASILEÑA | ||
| 653 | _aCOSTUMBRISMO | ||
| 655 | _aLITERATURA | ||
| 942 | _cBK | ||
| 998 | _cMARTIN | ||
| 999 |
_c15229 _d15229 |
||